Music Quiz

Random Music or Blitz Quiz

Beyoncé or Rihanna? Quiz Stats

 Plays Quiz Updated Feb 27, 2017

Challenge
Share
Tweet
Embed
Score 0/40 Timer 02:00
0 Plays Today
Song Title (B)eyoncé or (R)ihanna? % Correct
Single Ladies (Put a Ring On It)???
89.3%
Halo???
87.2%
Crazy in Love???
86.7%
Umbrella???
86.2%
Disturbia???
85.4%
If I Were a Boy???
85%
Don't Stop the Music???
83.7%
Run the World (Girls)???
83.4%
Shut Up & Drive???
83.3%
Irreplaceable???
82.9%
Rude Boy???
82.4%
Pon de Replay???
81.9%
S.O.S. (Rescue Me)???
81.3%
Diva???
81.2%
Rehab???
80.1%
Telephone???
79.6%
Good Girl Gone Bad???
79.4%
Best Thing I Never Had???
78.7%
Russian Roulette???
78.4%
Sweet Dreams???
78.1%
Song Title (B)eyoncé or (R)ihanna? % Correct
Baby Boy???
76.8%
Only Girl (In the World)???
76.2%
’03 Bonnie & Clyde???
75.6%
Take a Bow???
75.3%
Me, Myself & I???
74.7%
Déjà Vu???
74.4%
Beautiful Liar???
73.6%
What's My Name???
72.6%
Unfaithful???
71.9%
Check On It???
71.7%
Hate That I Love You???
70.9%
End of Time???
70.4%
We Ride???
68.6%
Ring the Alarm???
66.3%
Naughty Girl???
63.1%
Break It Off???
56.6%
If I Never See Your Face Again???
56.6%
If It’s Lovin’ That You Want???
54.8%
Love in This Club (Part II)???
53.5%
Let Me???
50.9%

You're not logged in!

Compare scores with friends on all Sporcle quizzes.
OR
Log In

You Might Also Like...

Show Comments

Extras

Top Quizzes Today


Score Distribution

Your Account Isn't Verified!

In order to create a playlist on Sporcle, you need to verify the email address you used during registration. Go to your Sporcle Settings to finish the process.

Report this User

Report this user for behavior that violates our Community Guidelines.

Details: